00618nam a22001817a 4500003000400000005001700004008004100021020002200062040001400084082001600098100002100114245007100135260002900206300003100235505012800266650002100394700002100415OSt20251125235746.0250506b |||||||| |||| 00| 0 spa d a978-9962-04-086-6 bspacBPMC a741.58 G216 aGarcía, Robert aDibujara manga:bPaso a paso. /cRobert García y Fernando Casaus aBarcelona:bLexus,c2013 a591 p.,bil.,c27 x 20 cm. aIntroducción. Chicas. Fantasía. Ciencia Ficción. Monstruos. Oriental. Música. Deporte. Dibujar Manga por ordenador. aDISEÑO GRAFICO aCasaus, Fernando